| 000 | 02342nam a2200433 a 4500 | ||
|---|---|---|---|
| 003 | BLK | ||
| 005 | 20240706112552.0 | ||
| 008 | 180408b bul|||||r ||||||| ||bul|| | ||
| 020 | _a9544071954 | ||
| 020 | _a9789544071950 | ||
| 040 | _aBLK | ||
| 041 |
_aBUL _cBUL |
||
| 080 |
_aВъзпитание у дома. Семейно възпитание _b37.018.1 _x-055.15 _z37.018.1-055.15 |
||
| 080 |
_aПедагогическа психология _b37.015.3 _z37.015.3 |
||
| 080 |
_aПсихология на детската възраст. Интелектуално развитие на децата. Психически особености. Детски представи, описани в разкази _b159.922.7 _x-055.15 _z159.922.7-055.15 |
||
| 080 |
_aПротестантски църкви _b274/278 _x-4 _z274/278-4 _9389961 |
||
| 100 | 1 |
_aДобсън, Джеймс _9269169 |
|
| 245 | 1 | 0 |
_aДа отгледаш момчета _bПрактически съвети и насърчение за онези, които формират следващото поколение мъже _cДжеймс Добсън; прев. от англ. Мариела Бойчева. |
| 257 | _aUSA | ||
| 260 |
_aСофия _bНов човек _c2004 _fСофия : СД Манта принт |
||
| 300 |
_a319 с. _c21 с. |
||
| 380 | _a3 | ||
| 500 | _aОриг. загл. Bringing Up Boys / James Dobson. - Офс. изд. | ||
| 650 | 4 |
_aМомчета - психология и поведение _9162636 |
|
| 650 | 4 |
_aВъзпитание в семейството _9242361 |
|
| 650 | 4 |
_aДетска и педагогическа психология _9244538 |
|
| 650 | 0 |
_aВъзпитание в семейството - религиозноетични проблеми _9262720 |
|
| 653 | _aмомчета | ||
| 653 | _aдетска психология | ||
| 653 |
_aпротестантство _9417445 |
||
| 653 | _aсемейно възпитание | ||
| 700 |
_aБойчева, Мариела Николова _eпрев. от англ. _9442233 |
||
| 852 |
_aЦб 225526 _bЦб |
||
| 852 |
_bП _c37.018/Д 68 Д |
||
| 942 |
_cKNG _n0 _01 |
||
| 944 |
_aCR _c17.11.2005 _k30576 _lЦветомила Тодорова |
||
| 944 | _aED | ||
| 999 |
_c52751 _d52751 |
||